000 00935cam a22002055a 4500
001 L140788
008 071011s1907 xxk eng u
035 _a(Sirsi) u140788
041 0 _aeng
110 2 _aChancellor and Sons
245 0 0 _aOn the banks of the Thames, Twickenham
_bparticulars, plan, view and conditions of sale of a very attractive and unique freehold property known as 'Pope's Villa'...which will be sold at auction by Messrs. Chancellor and Sons at the Auction Mart, Tokenhouse Yard, London (opposite the Bank of England) on Tuesday the 29th day of October 1907...
260 _aS.l.
_bs.n.
_c[1907]
300 _a[10] p.
_bcol. map
_c31 cm. +
_e1 sheet (33 x 20 cm.)
340 _aPrinted
351 _cSingle item
500 _aItem is accompanied by a typed note on the sale.
651 4 _aMiddlesex
690 _aPROPERTY-PROPERTY ACQUISITION AND DISPOSAL-ACQUISITION AND DISPOSAL AT AUCTION
942 _n0
999 _c116482
_d116482